000
00189nam a22000977a 4500
003
SGT
245
_a
THE JOURNAL OF PUBLIC HEALTH
260
_b
APHA AMERICA
300
_a
636
942
_2
ddc
_c
BV
999
_c
18910
_d
18910